• 首页
  • 本馆介绍
  • 公告通知
  • 最新文献
  • 馆藏检索
  • 电子资源
  • 读者导购
  • 参考咨询
  • 我的图书馆
  • 登录
  • 详细信息显示
  • 放入我的书架
  • 预约/预借图书
  • 作者相关作品
  • 分类相关作品
  • 丛书相关作品
  • 出版社相关作品

书目信息

  • 表格格式
  • 工作单格式
  • 卡片格式
题名:
中国哲学史稿
    
 
作者: ;九所高等师范院校《中国哲学史稿》编写组 编
分册:  
出版信息: 石家庄   河北人民出版社  1980
页数: 425页
开本: 21cm
丛书名:
单 册:
中图分类: B2
科图分类:
主题词: 哲学--中国
电子资源:
ISBN:
000 00801nam0 2200229 45
001 0180005756
005 20070706104635.20
010    @dCNY1.20
091    @a2086.90
100    @a19950612d1980 em y0chiy0121 ea
101 0  @achi
102    @aCN@b130000
105    @ay z 000yy
200 10 @a中国哲学史稿@Azhong guo zhe xue shi gao@f九所高等师范院校《中国哲学史稿》编写组编@Fjiu suo gao deng shi fan yuan xiao《zhong guo zhe xue shi gao》bian xie zu bian
210    @a石家庄@c河北人民出版社@d1980
215    @a425页@d21cm
606    @a哲学@x中国
690    @aB2@v3
711  0 @a九所高等师范院校《中国哲学史稿》编写组@Ajiu suo gao deng shi fan yuan xiao《zhong guo zhe xue shi gao》bian xie zu@4编
801  0 @aCN@b上海图书馆@c20070706
801  2 @aCN@bNLC@c20051221
905    @dB2@e11@f1@b57280
    
    中国哲学史稿/九所高等师范院校《中国哲学史稿》编写组编.-石家庄:河北人民出版社,1980
    425页;21cm
    
    
    ISBN :CNY1.20
    
●
相关链接 在E读中查询图书 在五车中查询图书 在当当中查询图书 在豆瓣中查询图书


正题名:中国哲学史稿     索取号:B2/11         预约/预借

序号 登录号 条形码 馆藏地/架位号 状态 备注
1 0057273   001530043   密集书库/ [索取号:B2/11] 在馆    
2 0057274   001600912   密集书库/ [索取号:B2/11] 在馆    
3 0057275   001600878   密集书库/ [索取号:B2/11] 在馆    
4 0057276   001530212   密集书库/ [索取号:B2/11] 在馆    
5 0057277   001530169   密集书库/ [索取号:B2/11] 在馆    
6 0057278   001530123   密集书库/ [索取号:B2/11] 在馆    
7 0057279   001920880   密集书库/ [索取号:B2/11] 在馆    
8 0057280   002048867   第一样本阅览室/ [索取号:B2/11] 在馆    
9 0057281   001600832   密集书库/ [索取号:B2/11] 在馆    
10 0057282   001600958   密集书库/ [索取号:B2/11] 在馆    
11 0057284   001920844   密集书库/ [索取号:B2/11] 在馆    
12 0057285   202180576   密集书库/ [索取号:B2/11] 在馆    
13 0057286   001123849   密集书库/ [索取号:B2/11] 在馆    
14 0057287   001123858   密集书库/ [索取号:B2/11] 在馆    
15 0766977   207669771   密集书库/ [索取号:B2/11] 在馆    
唐山师范学院图书馆 欢迎您!
大连网信软件有限公司© 版权所有